Olympiacos Squad - 2025/26 - Statistics

General Stats
  • This quiz has been taken 44 times
    21 since last reset
  • The average score is 23 of 28
Answer Stats
# Position Country Player % Correct
9 ST Morocco Ayoub El Kaabi
100%
99 ST Iran Mehdi Taremi
100%
1 GK Greece Alexandros Paschalakis
92%
96 CM Greece Christos Mouzakitis
92%
56 LW Portugal Daniel Podence
92%
10 RW Portugal Gelson Martins
92%
4 CB France Giulian Biancone
92%
88 GK Greece Konstantinos Tzolakis
92%
5 CB Italy Lorenzo Pirola
92%
45 CB Greece Panagiotis Retsos
92%
23 RB Brazil Rodinei
92%
97 AM Turkey Yusuf Yazici
92%
70 LB Nigeria Bruno Onyemaechi
83%
22 AM Portugal Chiquinho
83%
19 ST Brazil Clayton
83%
20 RB Portugal Costinha
83%
14 CM Spain Dani Garcia
83%
3 LB Argentina Francisco Ortega
83%
16 CM Argentina Lorenzo Scipioni
83%
31 GK Greece Nikolaos Botis
83%
32 DM Argentina Santiago Hezze
83%
6 CB Greece Alexios Kalogeropoulos
75%
17 RW Brazil Andre Luiz
75%
8 CM Portugal Diogo Nascimento
75%
21 CB Portugal Ruben Vezo
75%
67 DM Greece Argyrios Liatsikouras
58%
61 GK Greece Georgios Kouraklis
50%
81 ST Greece Konstantinos Angelakis
50%
No matching quizzes found
Score Distribution
Percent of People with Each Score
Percentile by Number Answered
Your Score History
You have not taken this quiz since the last reset